000 00340nam a22001457a 4500
008 210309b ||||| |||| 00| 0 eng d
020 _a9781575212210
041 _aeng
080 _a004
082 _2004
100 _a35
101 _aSHKI
245 _aSizzling web site Design
_cMolly E. Holzschlag , Laura Lemay,
942 _2udc
_cBK
999 _c56043
_d56043